[Event "European Online Club-ch-F 2021"]
[Site "Online"]
[Date "2021.03.27"]
[Round "4.5"]
[White "Yilmazyerli, Mert"]
[Black "Hellers, Ferdinand"]
[Result "1/2-1/2"]
[WhiteElo "2413"]
[BlackElo "2592"]
[Annotator "ChessBase"]
[PlyCount "210"]
[EventDate "2021.03.27"]
[EventType "team-tourn"]
[EventCountry "NET"]
[SourceTitle "playchess.com"]
[Source "ChessBase"]
[SourceQuality "1"]
[TimeControl "900+5"]

1. Nf3 {[%emt 0:00:00]} Nf6 {[%emt 0:00:08]} 2. g3 {[%emt 0:00:04]} b6 {[%emt 0:00:13]} 3. Bg2 {[%emt 0:00:02]} Bb7 {[%emt 0:00:01]} 4. O-O {[%emt 0:00:01]} c5 {[%emt 0:00:05]} 5. c4 {[%emt 0:00:02]} e6 {[%emt 0:00:09]} 6. Nc3 {[%emt 0:00:02]} a6 {[%emt 0:00:06]} 7. d4 {[%emt 0:00:03]} cxd4 {[%emt 0:00:02]} 8. Qxd4 {[%emt 0:00:01]} d6 {[%emt 0:00:03]} 9. Rd1 {[%emt 0:00:10]} Nbd7 {[%emt 0:00:03]} 10. Ng5 {[%emt 0:00:31]} Bxg2 {[%emt 0:01:16]} 11. Kxg2 {[%emt 0:00:03]} Rc8 {[%emt 0:01:25]} 12. Nge4 {[%emt 0:00:17]} Rc6 {[%emt 0:00:49]} 13. Nxf6+ {[%emt 0:02:37]} Nxf6 {[%emt 0:00:05]} 14. Bf4 {[%emt 0:00:41]} Be7 {[%emt 0:00:31]} 15. Ne4 {[%emt 0:00:28]} Nxe4 {[%emt 0:01:19]} 16. Qxe4 {[%emt 0:00:02]} Qc8 {[%emt 0:00:31]} 17. b3 {[%emt 0:00:02]} O-O {[%emt 0:00:10]} 18. Rd2 {[%emt 0:00:08]} b5 {[%emt 0:00:16]} 19. cxb5 {[%emt 0:01:23]} axb5 {[%emt 0:00:04]} 20. a4 {[%emt 0:00:01]} d5 {[%emt 0:00:09]} 21. Qd3 {[%emt 0:00:05]} Bf6 {[%emt 0:01:07]} 22. axb5 {[%emt 0:00:39]} Rc3 {[%emt 0:00:08]} 23. Qb1 {[%emt 0:00:03]} e5 {[%emt 0:00:02]} 24. Bxe5 {[%emt 0:00:24]} Bxe5 {[%emt 0:00:04]} 25. Rxd5 {[%emt 0:00:01]} Rc5 {[%emt 0:01:31]} 26. Rxc5 {[%emt 0:00:30]} Qxc5 {[%emt 0:00:04]} 27. Ra4 {[%emt 0:00:20]} Qxb5 {[%emt 0:00:05]} 28. Qc2 {[%emt 0:00:26]} Rb8 {[%emt 0:00:50]} 29. Rc4 {[%emt 0:00:03]} Qb7+ {[%emt 0:00:22]} 30. Qe4 {[%emt 0:00:20]} f6 {[%emt 0:01:34]} 31. f4 {[%emt 0:00:49]} Bb2 {[%emt 0:00:54]} 32. Qxb7 {[%emt 0:00:16]} Rxb7 {[%emt 0:00:03]} 33. b4 {[%emt 0:00:19]} Ba3 {[%emt 0:00:03]} 34. Rc3 {[%emt 0:00:01]} Bxb4 {[%emt 0:00:04]} 35. Rb3 {[%emt 0:00:01]} Rb6 {[%emt 0:00:35]} 36. Kf3 {[%emt 0:00:03]} Bc5 {[%emt 0:00:03]} 37. Rc3 {[%emt 0:00:01]} Be7 {[%emt 0:00:08]} 38. Rc7 {[%emt 0:00:11]} Kf7 {[%emt 0:00:11]} 39. Ra7 {[%emt 0:00:02]} Rb3+ {[%emt 0:00:09]} 40. Kf2 {[%emt 0:00:03]} Ke6 {[%emt 0:00:09]} 41. Rc7 {[%emt 0:00:04]} h5 {[%emt 0:00:20]} 42. Rc4 {[%emt 0:00:10]} Kd5 {[%emt 0:00:13]} 43. Rc8 {[%emt 0:00:07]} g5 {[%emt 0:01:24]} 44. Rh8 {[%emt 0:00:11]} Ke4 {[%emt 0:00:30]} 45. fxg5 {[%emt 0:00:08]} fxg5 {[%emt 0:00:09]} 46. Rxh5 {[%emt 0:00:01]} Bc5+ {[%emt 0:00:25]} 47. Kg2 {[%emt 0:00:02]} Be3 {[%emt 0:00:03]} 48. Rh8 {[%emt 0:00:12]} Bd4 {[%emt 0:00:06]} 49. Rg8 {[%emt 0:00:17]} Kf5 {[%emt 0:00:06]} 50. h4 {[%emt 0:00:07]} gxh4 {[%emt 0:00:04]} 51. gxh4 {[%emt 0:00:01]} Re3 {[%emt 0:00:03]} 52. Rf8+ {[%emt 0:00:23]} Kg4 {[%emt 0:00:06]} 53. Kf1 {[%emt 0:00:01]} Re4 {[%emt 0:00:08]} 54. Rf3 {[%emt 0:00:10]} Kxh4 {[%emt 0:00:02]} 55. e3 {[%emt 0:00:02]} Bxe3 {[%emt 0:00:02]} 56. Ke2 {[%emt 0:00:01]} Bc5+ {[%emt 0:00:03]} 57. Kd3 {[%emt 0:00:01]} Re5 {[%emt 0:00:01]} 58. Kc4 {[%emt 0:00:05]} Kg4 {[%emt 0:00:03]} 59. Rd3 {[%emt 0:00:01]} Be3 {[%emt 0:00:03]} 60. Rd5 {[%emt 0:00:03]} Re6 {[%emt 0:00:03]} 61. Rd1 {[%emt 0:00:09]} Kf4 {[%emt 0:00:03]} 62. Kd5 {[%emt 0:00:03]} Re5+ {[%emt 0:00:03]} 63. Kd6 {[%emt 0:00:01]} Ke4 {[%emt 0:00:03]} 64. Kc6 {[%emt 0:00:10]} Re6+ {[%emt 0:00:05]} 65. Rd6 {[%emt 0:00:03]} Re5 {[%emt 0:00:08]} 66. Rd1 {[%emt 0:00:07]} Rc5+ {[%emt 0:00:02]} 67. Kd6 {[%emt 0:00:03]} Ra5 {[%emt 0:00:01]} 68. Kd7 {[%emt 0:00:06]} Bd4 {[%emt 0:00:04]} 69. Kc8 {[%emt 0:00:06]} Kd5 {[%emt 0:00:03]} 70. Rd2 {[%emt 0:00:02]} Ra7 {[%emt 0:00:09]} 71. Rd1 {[%emt 0:00:01]} Rh7 {[%emt 0:00:08]} 72. Rd2 {[%emt 0:00:02]} Kc5 {[%emt 0:00:05]} 73. Rd1 {[%emt 0:00:07]} Be5 {[%emt 0:00:07]} 74. Rd7 {[%emt 0:00:02]} Rh1 {[%emt 0:00:08]} 75. Rb7 {[%emt 0:00:49]} Rh2 {[%emt 0:00:29]} 76. Kd7 {[%emt 0:00:16]} Rh7+ {[%emt 0:00:04]} 77. Kc8 {[%emt 0:00:02]} Rh6 {[%emt 0:00:05]} 78. Kd7 {[%emt 0:00:02]} Bd6 {[%emt 0:00:05]} 79. Kc8 {[%emt 0:00:12]} Kd5 {[%emt 0:00:05]} 80. Kd7 {[%emt 0:00:05]} Rh2 {[%emt 0:00:05]} 81. Rb5+ {[%emt 0:00:03]} Bc5 {[%emt 0:00:02]} 82. Rb7 {[%emt 0:00:01]} Rh3 {[%emt 0:00:07]} 83. Kc8 {[%emt 0:00:05]} Bd6 {[%emt 0:00:04]} 84. Kd7 {[%emt 0:00:03]} Rh4 {[%emt 0:00:09]} 85. Kc8 {[%emt 0:00:01]} Ke6 {[%emt 0:00:05]} 86. Rb5 {[%emt 0:00:10]} Rh8+ {[%emt 0:00:05]} 87. Kb7 {[%emt 0:00:02]} Kd7 {[%emt 0:00:01]} 88. Ka6 {[%emt 0:00:06]} Bc7 {[%emt 0:00:04]} 89. Kb7 {[%emt 0:00:01]} Rh6 {[%emt 0:00:04]} 90. Rd5+ {[%emt 0:00:05]} Bd6 {[%emt 0:00:01]} 91. Rb5 {[%emt 0:00:01]} Rh1 {[%emt 0:00:03]} 92. Kb6 {[%emt 0:00:06]} Rc1 {[%emt 0:00:02]} 93. Kb7 {[%emt 0:00:02]} Rc6 {[%emt 0:00:03]} 94. Rb6 {[%emt 0:00:16]} Rc2 {[%emt 0:00:02]} 95. Rb5 {[%emt 0:00:01]} Bc7 {[%emt 0:00:02]} 96. Rd5+ {[%emt 0:00:03]} Bd6 {[%emt 0:00:02]} 97. Rb5 {[%emt 0:00:02]} Rc4 {[%emt 0:00:02]} 98. Kb6 {[%emt 0:00:09]} Bc7+ {[%emt 0:00:04]} 99. Kb7 {[%emt 0:00:02]} Rd4 {[%emt 0:00:01]} 100. Ka6 {[%emt 0:00:07]} Rd1 {[%emt 0:00:09]} 101. Kb7 {[%emt 0:00:02]} Rd2 {[%emt 0:00:06]} 102. Ka6 {[%emt 0:00:02]} Kc8 {[%emt 0:00:02]} 103. Rc5 {[%emt 0:00:16]} Ra2+ {[%emt 0:00:07]} 104. Kb5 {[%emt 0:00:02]} Kb7 {[%emt 0:00:02]} 105. Rd5 {[%emt 0:00:01]} Rb2+ {[%emt 0:00:03]} 1/2-1/2

[Event "European Online Club-ch-F 2021"]
[Site "Online"]
[Date "2021.03.27"]
[Round "4.6"]
[White "Moreau, Teodor"]
[Black "Isik, Alparslan"]
[Result "1/2-1/2"]
[WhiteElo "2329"]
[BlackElo "2321"]
[Annotator "NA"]
[PlyCount "85"]
[EventDate "2021.03.27"]
[EventType "team-tourn"]
[EventCountry "NET"]
[SourceTitle "playchess.com"]
[Source "ChessBase"]
[SourceQuality "1"]
[TimeControl "900+5"]

1. d4 {[%emt 0:00:00]} Nf6 {[%emt 0:00:04]} 2. c4 {[%emt 0:00:05]} g6 {[%emt 0:00:03]} 3. Nc3 {[%emt 0:00:02]} d5 {[%emt 0:00:04]} 4. Bg5 {[%emt 0:00:04]} Ne4 {[%emt 0:00:09]} 5. Bh4 {[%emt 0:00:03]} Nxc3 {[%emt 0:00:08]} 6. bxc3 {[%emt 0:00:04]} dxc4 {[%emt 0:00:19]} 7. e3 {[%emt 0:00:03]} Be6 {[%emt 0:00:04]} 8. Qb1 {[%emt 0:00:09]} Qc8 {[%emt 0:00:31]} 9. Nh3 {[%emt 0:00:21]} Nd7 {[%emt 0:00:13]} 10. a4 {[%emt 0:00:38]} a5 {[%emt 0:00:06]} 11. Nf4 {[%emt 0:00:05]} Nb6 {[%emt 0:00:03]} 12. Nxe6 {[%emt 0:00:06]} Qxe6 {[%emt 0:00:02]} 13. Qb5+ {[%emt 0:00:09]} Qd7 {[%emt 0:00:07]} 14. Bxc4 {[%emt 0:00:12]} Nxc4 {[%emt 0:00:04]} 15. Qxc4 {[%emt 0:00:03]} Bg7 {[%emt 0:00:05]} 16. O-O {[%emt 0:00:04]} O-O {[%emt 0:00:03]} 17. Rab1 {[%emt 0:00:07]} b6 {[%emt 0:00:04]} 18. Bg3 {[%emt 0:00:43]} Rac8 {[%emt 0:00:11]} 19. Rb5 {[%emt 0:00:08]} e6 {[%emt 0:00:53]} 20. h3 {[%emt 0:00:13]} h5 {[%emt 0:00:10]} 21. Rfb1 {[%emt 0:00:26]} Rfe8 {[%emt 0:00:02]} 22. Be5 {[%emt 0:01:42]} Bxe5 {[%emt 0:00:45]} 23. Rxe5 {[%emt 0:00:05]} Red8 {[%emt 0:00:13]} 24. Rbb5 {[%emt 0:00:22]} Qe7 {[%emt 0:01:17]} 25. Rb3 {[%emt 0:00:21]} Rd6 {[%emt 0:00:12]} 26. Reb5 {[%emt 0:00:20]} Qd7 {[%emt 0:00:09]} 27. Qe2 {[%emt 0:00:28]} Rd5 {[%emt 0:00:36]} 28. Qc4 {[%emt 0:00:56]} Rxb5 {[%emt 0:00:28]} 29. Qxb5 {[%emt 0:00:03]} Qxb5 {[%emt 0:01:04]} 30. Rxb5 {[%emt 0:00:04]} Kf8 {[%emt 0:00:18]} 31. c4 {[%emt 0:00:53]} c5 {[%emt 0:01:06]} 32. dxc5 {[%emt 0:02:32]} Rxc5 {[%emt 0:00:04]} 33. Rxc5 {[%emt 0:00:03]} bxc5 {[%emt 0:00:01]} 34. f4 {[%emt 0:00:20]} e5 {[%emt 0:00:07]} 35. Kf2 {[%emt 0:00:09]} Ke7 {[%emt 0:00:02]} 36. Kf3 {[%emt 0:00:06]} Ke6 {[%emt 0:00:13]} 37. g4 {[%emt 0:00:11]} hxg4+ {[%emt 0:00:07]} 38. hxg4 {[%emt 0:00:06]} f5 {[%emt 0:00:15]} 39. g5 {[%emt 0:00:12]} Kd6 {[%emt 0:00:03]} 40. Ke2 {[%emt 0:00:04]} Ke6 {[%emt 0:00:03]} 41. Kf3 {[%emt 0:00:02]} Kd6 {[%emt 0:00:01]} 42. Ke2 {[%emt 0:00:03]} Ke6 {[%emt 0:00:01]} 43. Kf3 {[%emt 0:00:02]} 1/2-1/2

[Event "European Online Club-ch-F 2021"]
[Site "Online"]
[Date "2021.03.27"]
[Round "4.7"]
[White "Karaoglan, Doruk"]
[Black "Reizniece-Ozola, Dana"]
[Result "0-1"]
[WhiteElo "2230"]
[BlackElo "2279"]
[Annotator "NA"]
[PlyCount "58"]
[EventDate "2021.03.27"]
[EventType "team-tourn"]
[EventCountry "NET"]
[SourceTitle "playchess.com"]
[Source "ChessBase"]
[SourceQuality "1"]
[TimeControl "900+5"]

1. e4 {[%emt 0:00:00]} c5 {[%emt 0:00:06]} 2. Nc3 {[%emt 0:00:04]} Nc6 {[%emt 0:00:04]} 3. g3 {[%emt 0:00:02]} g6 {[%emt 0:00:04]} 4. Bg2 {[%emt 0:00:03]} Bg7 {[%emt 0:00:03]} 5. d3 {[%emt 0:00:03]} d6 {[%emt 0:00:08]} 6. f4 {[%emt 0:00:03]} e6 {[%emt 0:00:05]} 7. Nf3 {[%emt 0:00:03]} Nge7 {[%emt 0:00:03]} 8. O-O {[%emt 0:00:03]} O-O {[%emt 0:00:03]} 9. Be3 {[%emt 0:00:03]} Nd4 {[%emt 0:00:02]} 10. e5 {[%emt 0:00:56]} Nef5 {[%emt 0:00:13]} 11. Bf2 {[%emt 0:00:03]} Bd7 {[%emt 0:00:08]} 12. Ne4 {[%emt 0:04:33]} Bc6 {[%emt 0:00:07]} 13. exd6 {[%emt 0:02:09]} Nxf3+ {[%emt 0:04:14]} 14. Bxf3 {[%emt 0:00:06]} Bxb2 {[%emt 0:01:45]} 15. Bxc5 {[%emt 0:02:19]} Bd4+ {[%emt 0:02:04]} 16. Bxd4 {[%emt 0:00:23]} Nxd4 {[%emt 0:00:08]} 17. Bg2 {[%emt 0:00:02]} Nf5 {[%emt 0:00:10]} 18. Qd2 {[%emt 0:01:00]} Nxd6 {[%emt 0:00:33]} 19. Qc3 {[%emt 0:00:12]} Nxe4 {[%emt 0:00:39]} 20. dxe4 {[%emt 0:00:03]} Rc8 {[%emt 0:00:03]} 21. Qe3 {[%emt 0:00:09]} Qa5 {[%emt 0:01:09]} 22. Rf2 {[%emt 0:00:44]} Ba4 {[%emt 0:00:32]} 23. Rc1 {[%emt 0:01:07]} Rc3 {[%emt 0:00:16]} 24. Qd4 {[%emt 0:00:25]} Rfc8 {[%emt 0:01:08]} 25. f5 {[%emt 0:01:20]} Rxc2 {[%emt 0:02:30]} 26. Rcxc2 {[%emt 0:01:02]} Rxc2 {[%emt 0:00:02]} 27. Rxc2 {[%emt 0:00:08]} Bxc2 {[%emt 0:00:03]} 28. fxe6 {[%emt 0:00:08]} fxe6 {[%emt 0:00:08]} 29. e5 {[%emt 0:00:01]} b5 {[%emt 0:00:46]} 0-1

[Event "European Online Club-ch-F 2021"]
[Site "Online"]
[Date "2021.03.27"]
[Round "4.8"]
[White "Cramling, Dan"]
[Black "Apaydin, Fethi"]
[Result "0-1"]
[WhiteElo "2292"]
[BlackElo "2260"]
[Annotator "NA"]
[PlyCount "114"]
[EventDate "2021.03.27"]
[EventType "team-tourn"]
[EventCountry "NET"]
[SourceTitle "playchess.com"]
[Source "ChessBase"]
[SourceQuality "1"]
[TimeControl "900+5"]

1. d4 {[%emt 0:00:00]} d6 {[%emt 0:00:47]} 2. c4 {[%emt 0:00:04]} e5 {[%emt 0:00:03]} 3. d5 {[%emt 0:00:02]} g6 {[%emt 0:00:21]} 4. Nc3 {[%emt 0:00:05]} Bg7 {[%emt 0:00:03]} 5. e4 {[%emt 0:00:04]} Ne7 {[%emt 0:00:14]} 6. h4 {[%emt 0:00:41]} h6 {[%emt 0:00:11]} 7. h5 {[%emt 0:00:03]} g5 {[%emt 0:00:02]} 8. g4 {[%emt 0:00:03]} c6 {[%emt 0:00:15]} 9. Nh3 {[%emt 0:00:13]} Na6 {[%emt 0:00:34]} 10. Be3 {[%emt 0:00:06]} Bd7 {[%emt 0:00:16]} 11. f3 {[%emt 0:00:04]} Nc7 {[%emt 0:00:24]} 12. Nf2 {[%emt 0:00:15]} c5 {[%emt 0:00:06]} 13. a3 {[%emt 0:00:04]} O-O {[%emt 0:00:24]} 14. b4 {[%emt 0:00:04]} b6 {[%emt 0:00:15]} 15. bxc5 {[%emt 0:00:07]} bxc5 {[%emt 0:00:03]} 16. Bd3 {[%emt 0:00:05]} Rb8 {[%emt 0:00:05]} 17. O-O {[%emt 0:00:05]} Na8 {[%emt 0:00:02]} 18. Bd2 {[%emt 0:00:22]} Nc8 {[%emt 0:01:17]} 19. Qc2 {[%emt 0:00:31]} Ncb6 {[%emt 0:00:05]} 20. Nfd1 {[%emt 0:00:06]} Qc8 {[%emt 0:00:09]} 21. Ne3 {[%emt 0:00:04]} Qd8 {[%emt 0:02:50]} 22. Nb5 {[%emt 0:00:17]} Nxc4 {[%emt 0:00:50]} 23. Bxc4 {[%emt 0:00:51]} Bxb5 {[%emt 0:00:03]} 24. Bxb5 {[%emt 0:00:04]} Rxb5 {[%emt 0:00:01]} 25. Rab1 {[%emt 0:00:02]} Nc7 {[%emt 0:00:09]} 26. a4 {[%emt 0:00:21]} Rb8 {[%emt 0:00:32]} 27. Rxb8 {[%emt 0:00:41]} Qxb8 {[%emt 0:00:03]} 28. Rb1 {[%emt 0:00:01]} Qc8 {[%emt 0:01:48]} 29. Nf5 {[%emt 0:00:44]} Qa6 {[%emt 0:00:11]} 30. Qb3 {[%emt 0:00:52]} Qe2 {[%emt 0:01:13]} 31. Ba5 {[%emt 0:02:14]} Na6 {[%emt 0:01:03]} 32. Rb2 {[%emt 0:05:42]} c4 {[%emt 0:00:16]} 33. Rxe2 {[%emt 0:00:04]} cxb3 {[%emt 0:00:02]} 34. Nxd6 {[%emt 0:00:14]} Rb8 {[%emt 0:00:24]} 35. Nb5 {[%emt 0:00:15]} Nc5 {[%emt 0:00:20]} 36. Bc7 {[%emt 0:00:18]} Rb7 {[%emt 0:00:13]} 37. d6 {[%emt 0:00:27]} Nxa4 {[%emt 0:01:38]} 38. Na3 {[%emt 0:01:25]} Bf6 {[%emt 0:00:15]} 39. Nb1 {[%emt 0:00:10]} Nc5 {[%emt 0:00:16]} 40. Rd2 {[%emt 0:00:12]} Ne6 {[%emt 0:00:08]} 41. Ba5 {[%emt 0:00:04]} Nd4 {[%emt 0:00:02]} 42. Kg2 {[%emt 0:00:08]} Kf8 {[%emt 0:00:03]} 43. Bc3 {[%emt 0:00:09]} Ke8 {[%emt 0:00:04]} 44. Na3 {[%emt 0:00:06]} Kd7 {[%emt 0:00:06]} 45. Rb2 {[%emt 0:00:03]} Kxd6 {[%emt 0:00:06]} 46. Nc4+ {[%emt 0:00:01]} Kc5 {[%emt 0:00:04]} 47. Na5 {[%emt 0:00:10]} Rb5 {[%emt 0:00:04]} 48. Bxd4+ {[%emt 0:00:03]} exd4 {[%emt 0:00:06]} 49. Nxb3+ {[%emt 0:00:01]} Kb6 {[%emt 0:00:13]} 50. Rb1 {[%emt 0:00:02]} a5 {[%emt 0:00:06]} 51. Kf2 {[%emt 0:00:02]} a4 {[%emt 0:00:01]} 52. Nd2 {[%emt 0:00:03]} Rxb1 {[%emt 0:00:03]} 53. Nxb1 {[%emt 0:00:01]} Be7 {[%emt 0:00:02]} 54. Ke2 {[%emt 0:00:05]} a3 {[%emt 0:00:02]} 55. Nd2 {[%emt 0:00:01]} a2 {[%emt 0:00:05]} 56. Nb3 {[%emt 0:00:02]} Bb4 {[%emt 0:00:03]} 57. Kd3 {[%emt 0:00:01]} Bc3 {[%emt 0:00:01]} 0-1

[Event "European Online Club-ch-F 2021"]
[Site "Online"]
[Date "2021.03.27"]
[Round "4.9"]
[White "Gorodetzky, Matan"]
[Black "Gokerkan, Cem Kaan"]
[Result "0-1"]
[WhiteElo "2253"]
[BlackElo "2470"]
[Annotator "ChessBase"]
[PlyCount "74"]
[EventDate "2021.03.27"]
[EventType "team-tourn"]
[EventCountry "NET"]
[SourceTitle "playchess.com"]
[Source "ChessBase"]
[SourceQuality "1"]
[TimeControl "900+5"]

1. e4 {[%emt 0:00:00]} c5 {[%emt 0:00:03]} 2. c3 {[%emt 0:00:03]} Nf6 {[%emt 0:00:57]} 3. e5 {[%emt 0:00:02]} Nd5 {[%emt 0:00:00]} 4. d4 {[%emt 0:00:01]} cxd4 {[%emt 0:00:01]} 5. cxd4 {[%emt 0:00:02]} d6 {[%emt 0:00:14]} 6. Nf3 {[%emt 0:00:02]} Bd7 {[%emt 0:00:23]} 7. Bc4 {[%emt 0:00:05]} Bc6 {[%emt 0:00:10]} 8. O-O {[%emt 0:00:06]} e6 {[%emt 0:00:02]} 9. Nc3 {[%emt 0:00:10]} Be7 {[%emt 0:00:50]} 10. Ne4 {[%emt 0:00:15]} dxe5 {[%emt 0:00:18]} 11. dxe5 {[%emt 0:00:07]} O-O {[%emt 0:00:15]} 12. Qe2 {[%emt 0:00:21]} Nd7 {[%emt 0:00:07]} 13. b3 {[%emt 0:00:40]} a6 {[%emt 0:00:23]} 14. Bb2 {[%emt 0:00:22]} b5 {[%emt 0:00:14]} 15. Bd3 {[%emt 0:00:04]} Nf4 {[%emt 0:00:16]} 16. Qe3 {[%emt 0:00:46]} Nxd3 {[%emt 0:00:02]} 17. Qxd3 {[%emt 0:00:01]} Nxe5 {[%emt 0:01:23]} 18. Nxe5 {[%emt 0:00:14]} Qxd3 {[%emt 0:00:03]} 19. Nxd3 {[%emt 0:00:01]} Bxe4 {[%emt 0:00:02]} 20. Rfd1 {[%emt 0:00:03]} Rfd8 {[%emt 0:00:07]} 21. Ne5 {[%emt 0:00:11]} f6 {[%emt 0:00:12]} 22. Re1 {[%emt 0:01:03]} Bb7 {[%emt 0:00:08]} 23. Ng4 {[%emt 0:00:19]} Kf7 {[%emt 0:00:06]} 24. Ne3 {[%emt 0:00:30]} Rd2 {[%emt 0:00:07]} 25. Bc3 {[%emt 0:00:05]} Rd3 {[%emt 0:00:02]} 26. Ba5 {[%emt 0:00:15]} Rc8 {[%emt 0:01:04]} 27. Rac1 {[%emt 0:00:04]} Rxc1 {[%emt 0:00:11]} 28. Rxc1 {[%emt 0:00:03]} Rd7 {[%emt 0:00:01]} 29. Kf1 {[%emt 0:00:18]} g5 {[%emt 0:00:06]} 30. Ke2 {[%emt 0:00:21]} f5 {[%emt 0:00:06]} 31. f3 {[%emt 0:00:04]} h5 {[%emt 0:00:05]} 32. h3 {[%emt 0:00:04]} f4 {[%emt 0:00:41]} 33. Nf1 {[%emt 0:00:21]} e5 {[%emt 0:00:07]} 34. Nd2 {[%emt 0:00:13]} Ke6 {[%emt 0:00:01]} 35. Bb6 {[%emt 0:01:05]} Bb4 {[%emt 0:00:11]} 36. Rc2 {[%emt 0:00:03]} Kf5 {[%emt 0:00:34]} 37. Bc5 {[%emt 0:01:07]} Rc7 {[%emt 0:00:56]} 0-1

[Event "European Online Club-ch-F 2021"]
[Site "Online"]
[Date "2021.03.27"]
[Round "4.10"]
[White "Can, Isik"]
[Black "Katkov, Michelle"]
[Result "1-0"]
[WhiteElo "2380"]
[BlackElo "2078"]
[Annotator "NA"]
[PlyCount "27"]
[EventDate "2021.03.27"]
[EventType "team-tourn"]
[EventCountry "NET"]
[SourceTitle "playchess.com"]
[Source "ChessBase"]
[SourceQuality "1"]
[TimeControl "900+5"]

1. e4 {[%emt 0:00:00]} e5 {[%emt 0:00:02]} 2. Nf3 {[%emt 0:00:03]} Nc6 {[%emt 0:00:03]} 3. Bb5 {[%emt 0:00:03]} a6 {[%emt 0:00:02]} 4. Bxc6 {[%emt 0:00:03]} dxc6 {[%emt 0:00:02]} 5. O-O {[%emt 0:00:02]} Qd6 {[%emt 0:00:02]} 6. Na3 {[%emt 0:00:03]} b5 {[%emt 0:00:16]} 7. c3 {[%emt 0:00:10]} c5 {[%emt 0:00:03]} 8. Nc2 {[%emt 0:00:07]} Bb7 {[%emt 0:00:10]} 9. Re1 {[%emt 0:00:03]} Nf6 {[%emt 0:00:24]} 10. d4 {[%emt 0:00:03]} cxd4 {[%emt 0:00:10]} 11. cxd4 {[%emt 0:00:06]} Bxe4 {[%emt 0:00:39]} 12. Bg5 {[%emt 0:04:39]} Bxf3 {[%emt 0:00:56]} 13. Qxf3 {[%emt 0:00:07]} e4 {[%emt 0:00:04]} 14. Bxf6 {[%emt 0:00:27]} 1-0

[Event "European Online Club-ch-F 2021"]
[Site "Online"]
[Date "2021.03.27"]
[Round "4.11"]
[White "Stolyarsky, Yegor"]
[Black "Ozen, Bahadir"]
[Result "0-1"]
[WhiteElo "2063"]
[BlackElo "2369"]
[Annotator "NA"]
[PlyCount "54"]
[EventDate "2021.03.27"]
[EventType "team-tourn"]
[EventCountry "NET"]
[SourceTitle "playchess.com"]
[Source "ChessBase"]
[SourceQuality "1"]
[TimeControl "900+5"]

1. d4 {[%emt 0:00:00]} d6 {[%emt 0:00:07]} 2. Nf3 {[%emt 0:00:03]} Bg4 {[%emt 0:00:02]} 3. g3 {[%emt 0:00:06]} Bxf3 {[%emt 0:00:15]} 4. exf3 {[%emt 0:00:01]} c6 {[%emt 0:00:03]} 5. f4 {[%emt 0:00:01]} e6 {[%emt 0:00:11]} 6. h4 {[%emt 0:00:02]} h5 {[%emt 0:00:10]} 7. Bh3 {[%emt 0:00:06]} g6 {[%emt 0:00:07]} 8. c4 {[%emt 0:00:08]} d5 {[%emt 0:00:21]} 9. O-O {[%emt 0:00:04]} Bg7 {[%emt 0:00:17]} 10. Nc3 {[%emt 0:00:15]} Ne7 {[%emt 0:00:04]} 11. Re1 {[%emt 0:00:10]} O-O {[%emt 0:00:04]} 12. Be3 {[%emt 0:00:04]} dxc4 {[%emt 0:00:53]} 13. Ne4 {[%emt 0:00:10]} Nd7 {[%emt 0:00:04]} 14. Ng5 {[%emt 0:00:09]} Nf5 {[%emt 0:00:11]} 15. g4 {[%emt 0:00:13]} hxg4 {[%emt 0:00:03]} 16. Qxg4 {[%emt 0:00:03]} Nf6 {[%emt 0:00:02]} 17. Qe2 {[%emt 0:00:13]} b5 {[%emt 0:00:32]} 18. Kh2 {[%emt 0:00:30]} Nxd4 {[%emt 0:00:36]} 19. Bxd4 {[%emt 0:00:34]} Qxd4 {[%emt 0:00:02]} 20. Ne4 {[%emt 0:00:50]} Nxe4 {[%emt 0:00:05]} 21. Qxe4 {[%emt 0:00:01]} Qxf2+ {[%emt 0:00:15]} 22. Kh1 {[%emt 0:00:19]} Qxh4 {[%emt 0:00:04]} 23. Re3 {[%emt 0:00:02]} Rad8 {[%emt 0:00:11]} 24. Rg1 {[%emt 0:00:08]} Rd4 {[%emt 0:01:01]} 25. Qxc6 {[%emt 0:00:25]} Rxf4 {[%emt 0:00:02]} 26. Qxb5 {[%emt 0:00:12]} Bd4 {[%emt 0:00:08]} 27. Reg3 {[%emt 0:01:02]} Bxg1 {[%emt 0:00:10]} 0-1

[Event "European Online Club-ch-F 2021"]
[Site "Online"]
[Date "2021.03.27"]
[Round "4.12"]
[White "Kamer, Kayra"]
[Black "Gleizer, Adar"]
[Result "1-0"]
[WhiteElo "2339"]
[BlackElo "1833"]
[Annotator "NA"]
[PlyCount "85"]
[EventDate "2021.03.27"]
[EventType "team-tourn"]
[EventCountry "NET"]
[SourceTitle "playchess.com"]
[Source "ChessBase"]
[SourceQuality "1"]
[TimeControl "900+5"]

1. e4 {[%emt 0:00:00]} e5 {[%emt 0:00:05]} 2. Nf3 {[%emt 0:00:02]} Nc6 {[%emt 0:00:02]} 3. Bb5 {[%emt 0:00:02]} a6 {[%emt 0:00:05]} 4. Ba4 {[%emt 0:00:02]} Nf6 {[%emt 0:00:03]} 5. Bxc6 {[%emt 0:00:03]} dxc6 {[%emt 0:00:02]} 6. d3 {[%emt 0:00:01]} Bd6 {[%emt 0:00:05]} 7. Nbd2 {[%emt 0:00:03]} Be6 {[%emt 0:00:11]} 8. b3 {[%emt 0:00:03]} Nd7 {[%emt 0:00:13]} 9. Bb2 {[%emt 0:00:04]} Qf6 {[%emt 0:00:18]} 10. Qe2 {[%emt 0:00:38]} O-O-O {[%emt 0:00:31]} 11. O-O-O {[%emt 0:00:18]} Qe7 {[%emt 0:00:09]} 12. Kb1 {[%emt 0:00:04]} Ba3 {[%emt 0:00:17]} 13. Ba1 {[%emt 0:00:13]} f6 {[%emt 0:00:03]} 14. h3 {[%emt 0:00:24]} Nb6 {[%emt 0:01:45]} 15. d4 {[%emt 0:00:12]} exd4 {[%emt 0:00:20]} 16. Nxd4 {[%emt 0:00:08]} Rhe8 {[%emt 0:00:15]} 17. Rhe1 {[%emt 0:00:06]} Qb4 {[%emt 0:01:06]} 18. Nxe6 {[%emt 0:01:10]} Rxe6 {[%emt 0:00:02]} 19. Qg4 {[%emt 0:00:07]} Rde8 {[%emt 0:00:43]} 20. Nf3 {[%emt 0:00:45]} Na4 {[%emt 0:01:01]} 21. Re3 {[%emt 0:00:12]} h5 {[%emt 0:00:20]} 22. Qf5 {[%emt 0:00:14]} c5 {[%emt 0:01:09]} 23. e5 {[%emt 0:01:46]} Kb8 {[%emt 0:00:26]} 24. Qe4 {[%emt 0:01:31]} c4 {[%emt 0:00:06]} 25. Rd4 {[%emt 0:01:32]} Nc5 {[%emt 0:01:54]} 26. Qd5 {[%emt 0:00:18]} fxe5 {[%emt 0:02:36]} 27. Rxc4 {[%emt 0:01:14]} Qb6 {[%emt 0:01:02]} 28. Bxe5 {[%emt 0:00:26]} R8e7 {[%emt 0:01:26]} 29. Bd4 {[%emt 0:01:02]} Rxe3 {[%emt 0:00:42]} 30. fxe3 {[%emt 0:00:04]} Rd7 {[%emt 0:00:16]} 31. Qxd7 {[%emt 0:00:09]} Nxd7 {[%emt 0:00:16]} 32. Bxb6 {[%emt 0:00:02]} Nxb6 {[%emt 0:00:01]} 33. Rd4 {[%emt 0:00:09]} Kc8 {[%emt 0:00:04]} 34. c4 {[%emt 0:00:09]} Nd7 {[%emt 0:00:03]} 35. Kc2 {[%emt 0:00:05]} Bc5 {[%emt 0:00:03]} 36. Rd5 {[%emt 0:00:07]} Bxe3 {[%emt 0:00:05]} 37. Rxh5 {[%emt 0:00:02]} Nf6 {[%emt 0:00:04]} 38. Rf5 {[%emt 0:00:12]} Kd7 {[%emt 0:00:05]} 39. Kd3 {[%emt 0:00:04]} Bc1 {[%emt 0:00:11]} 40. g4 {[%emt 0:00:03]} Ke6 {[%emt 0:00:03]} 41. Nd4+ {[%emt 0:00:04]} Ke7 {[%emt 0:00:05]} 42. Rf1 {[%emt 0:00:09]} Nd7 {[%emt 0:00:06]} 43. Rxc1 {[%emt 0:00:03]} 1-0